Perovskitové solárne články s tlačenými funkčnými vrstvami
Saved in:
| Main Author: | |
|---|---|
| Other Authors: | |
| Format: | Manuscript Book |
| Language: | Slovak |
| Published: |
2021
|
| Subjects: | |
| Online Access: | http://is.stuba.sk/zp/portal_zp.pl?podrobnosti=145761 |
| Tags: |
No Tags, Be the first to tag this record!
|
MARC
| LEADER | 00000ntm a22000003a 4500 | ||
|---|---|---|---|
| 001 | stuzp66187 | ||
| 003 | SK-STU | ||
| 005 | 20210828210339.6 | ||
| 007 | ta | ||
| 008 | 150427s2015----xo-----f-mn---000-0-slo-d | ||
| 040 | |a STU |b slo | ||
| 041 | 0 | |a slo | |
| 100 | 1 | |a Hvojnik, Matej |u 049160 |4 aut |U FCHPT Ústav prírodných a syntetických polymérov |T FCHPT Oddelenie polygrafie a aplikovanej fotochémie |X 42621 |U C9160 |Y 127 |7 42621 | |
| 242 | 0 | 1 | |a Perovskite solar cells with printed functional layers |y eng |
| 245 | 1 | 0 | |a Perovskitové solárne články s tlačenými funkčnými vrstvami |
| 260 | |c 2021 | ||
| 650 | 4 | |a C-PSC |2 slo | |
| 650 | 4 | |a nízkoteplotná plazma |2 slo | |
| 650 | 4 | |a blokačná TiO2 vrstva |2 slo | |
| 650 | 4 | |a perovskit |2 slo | |
| 650 | 4 | |a C-PSCs |2 eng | |
| 650 | 4 | |a low-temperature plasma |2 eng | |
| 650 | 4 | |a TiO2 blocking layer |2 eng | |
| 650 | 4 | |a perovskite |2 eng | |
| 700 | 1 | |a Mikula, Milan |u 049160 |k Z1 |4 ths |U FCHPT Ústav prírodných a syntetických polymérov |T FCHPT Oddelenie polygrafie a aplikovanej fotochémie |X 3335 |U C9160 |Y 127 |7 A000003335 | |
| 856 | 4 | |u http://is.stuba.sk/zp/portal_zp.pl?podrobnosti=145761 | |